Danubius Hotel szállodalánc működése konkrét példákon keresztül

Bibliográfiai részletek
Szerző: Kokavecz Petra
További közreműködők: Bártfai Endre
Dokumentumtípus: Diplomadolgozat
Kulcsszavak:Danubius Hotel
Szállásadás
Szálláshely-elemzés
Danubius Hotel Hilton
Radisson Blue Béke Hotel
Online Access:http://dolgozattar.uni-bge.hu/1779

MARC

LEADER 00000nta a2200000 i 4500
001 dolg1779
005 20150903114255.0
008 150330suuuu hu om 000 hun d
040 |a BGE Dolgozattár Repozitórium  |b hun 
041 |a hu 
100 1 |a Kokavecz Petra 
245 1 0 |a Danubius Hotel szállodalánc működése konkrét példákon keresztül  |c Kokavecz Petra  |h [elektronikus dokumentum] 
695 |a Danubius Hotel 
695 |a Szállásadás 
695 |a Szálláshely-elemzés 
695 |a Danubius Hotel Hilton 
695 |a Radisson Blue Béke Hotel 
700 1 |a Bártfai Endre  |e ths 
856 4 0 |u http://dolgozattar.uni-bge.hu/1779/1/SZAKDOLGOZAT.pdf  |z Dokumentum-elérés